000 00644nam a2200205Ia 4500
005 20260121110141.0
008 008 260114s9999 xx 000 0 hin d
020 _a9788132356134
037 _aEBOOK
040 _aCRL
_bhin
_cCRL
041 _ahin
_2hin
084 _qCRL
100 _aसीमा कुमारी / Seema Kumari
_9942670
245 0 _aउपन्यास एवं कहानी / Upanyas aur Kahani
260 _bभाषा प्रकाशन / Bhasha Prakashan
_c2021
856 _uhttps://bhashaprakashan.com/product-details/378750
942 _cEBOOK
999 _c1534335
_d1534335